All Pokémon Ash Ketchum Caught and Owned - Statistics

General Stats
  • This quiz has been taken 29 times
    20 since last reset
  • The average score is 60 of 101
Answer Stats
Answers % Correct
Gen 1 Bulbasaur
100%
Pikachu
100%
Squirtle
100%
Butterfree
89%
Caterpie
89%
Charizard
89%
Charmander
89%
Charmeleon
89%
Dragonite
89%
Gengar
89%
Metapod
89%
Totodile
89%
Bayleef
78%
Gen 2 Chikorita
78%
Farfetch'd
78%
Lucario
78%
Pidgeot
78%
Pidgeotto
78%
Primeape
78%
Sceptile
78%
Snorlax
78%
Tauros
78%
Beedrill
67%
Chimchar
67%
Corphish
67%
Cyndaquil
67%
Donphan
67%
Dracovish
67%
Gen 6 Froakie
67%
Gliscor
67%
Greninja
67%
Grotle
67%
Grovyle
67%
Infernape
67%
Kingler
67%
Krabby
67%
Monferno
67%
Noctowl
67%
Phanpy
67%
Quilava
67%
Torterra
67%
Gen 3 Treecko
67%
Gen 4 Turtwig
67%
Aipom
56%
Frogadier
56%
Gligar
56%
Heracross
56%
Incineroar
56%
Krokorok
56%
Krookodile
56%
Lapras
56%
Leavanny
56%
Litten
56%
Lycanroc
56%
Melmetal
56%
Muk
56%
Pidove
56%
Pignite
56%
Raticate
56%
Riolu
56%
Rockruff
56%
Gen 7 Rowlet
56%
Gen 8 Sirfetch'd
56%
Gen 5 Snivy
56%
Swadloon
56%
Swellow
56%
Taillow
56%
Tepig
56%
Torkoal
56%
Torracat
56%
Unfezant
56%
Boldore
44%
Buizel
44%
Fletchling
44%
Gible
44%
Glalie
44%
Goodra
44%
Goomy
44%
Meltan
44%
Oshawott
44%
Scraggy
44%
Sewaddle
44%
Sliggoo
44%
Snorunt
44%
Staraptor
44%
Staravia
44%
Starly
44%
Talonflame
44%
Tranquill
44%
Fletchinder
33%
Hawlucha
33%
Naganadel
33%
Noibat
33%
Noivern
33%
Palpitoad
33%
Poipole
33%
Roggenrola
33%
Seaking
33%
Buzzwole
11%
Pheromosa
11%
Stakataka
11%
No matching quizzes found
Score Distribution
Percent of People with Each Score
Percentile by Number Answered
Your Score History
You have not taken this quiz since the last reset